Aula latina 1 (Registro nro. 305185)

Detalles MARC
000 -ENCABEZADO
Número de control [NR] 00972 a2200265 4500
005 - FECHA Y HORA DE LA ÚLTIMA TRANSACCIÓN
control field 20161207143225.0
008 - DE LONGITUD FIJA DE DATOS DE ELEMENTOS - INFORMACIÓN GENERAL
Elementos de longitud fija [NR] 161207s2004 sp ao||| |||| 000 0 spa d
020 ## - NUMERO INTERNACIONAL NORMALIZADO PARA LIBROS [R]
Número Internacional Normalizado del libro [NR] 9788484432616
040 ## - FUENTE DE CATALOGACION [NR]
Agencia de catalogación original [NR] CO-BoUCM
Idioma de catalogación [NR] spa
Quien Cataloga Sandra Palacio
Quien Clasifica Sandra Palacio
041 0# - CODIGO DE IDIOMA [R]
Código de idioma para texto/pista de sonido o título separado [R] Español
245 ## - MENCION DE TITULO [NR]
Título [NR] Aula latina 1
Parte restante del título [NR] libro del alumno
Mención de responsabilidad, etc. [NR] María Elena Arévalo ... [y otros] ; coordinación pedagógica, Neus Sans
246 ## - FORMA VARIANTE DEL TITULO [R]
Título propiamente dicho/forma breve del título [NR] Curso de español
260 ## - PUBLICACION, DISTRIBUCION, ETC. (PIE DE IMPRENTA) [R]
Nombre del editor, distribuidor, etc. [R] Difusión
Fecha de publicación, distribución, etc. [R] 2004
Lugar de publicación, distribución, etc. [R] Barcelona (España)
300 ## - DESCRIPCION FISICA [R]
Extensión [R] 143 páginas
Otros detalles físicos [NR] ilustraciones, fotografías
Material acompañante [NR] 1 CD-Rom
650 17 - ASIENTO SECUNDARIO DE MATERIA - TERMINO TEMATICO [R]
Término temático o nombre geográfico como elemento de entrada [NR] Lengua española
Subdivisión general [R] Métodos
9 (RLIN) 82785
650 27 - ASIENTO SECUNDARIO DE MATERIA - TERMINO TEMATICO [R]
Término temático o nombre geográfico como elemento de entrada [NR] Español
Subdivisión general [R] Enseñanza
9 (RLIN) 82344
690 ## - ASUNTO AGREGADO LOCAL DE ENTRADA - TÉRMINO TEMÁTICO (OCLC, RLIN)
Acceso temático local Lingüística aplicada
9 (RLIN) 439
700 1# - ASIENTO SECUNDARIO - NOMBRE PERSONAL [R]
Nombre personal [NR] Arévalo, María Elena
9 (RLIN) 81587
700 1# - ASIENTO SECUNDARIO - NOMBRE PERSONAL [R]
Nombre personal [NR] Bautista, Edith
9 (RLIN) 81588
700 1# - ASIENTO SECUNDARIO - NOMBRE PERSONAL [R]
Nombre personal [NR] Corpas, Jaima
9 (RLIN) 82786
700 1# - ASIENTO SECUNDARIO - NOMBRE PERSONAL [R]
Nombre personal [NR] García, Eva
9 (RLIN) 82787
700 1# - ASIENTO SECUNDARIO - NOMBRE PERSONAL [R]
Nombre personal [NR] Sans, Neus
Término de relación [R] coordinador
9 (RLIN) 82788
942 ## - ELEMENTOS DE ENTRADA AGREGADOS (KOHA)
Tipo de ítem principal el descrito en 300a Libro
Sistema de clasificación DEWEY
Tema principal Lingüística
Edición 1
Clasificación 468
Parte restante de la signatura top. A924d
Existencias
Fecha de último préstamo Total préstamos Total Renewals Signatura topográfica Código de barras Última vez visto Ejemplar Costo de reposición Price effective from Tipo de ítem Perdido Sistema de clasificación Dañado No prestable Tipo de ítem específico Suprimido Ubicación habitual Ubicación actual Localización Fecha de creación Proveedor Forma de adquisición Costo Volúmen / Fascículo
22/07/2019 7 3 468 A924d 100151950 05/12/2025 Ej.1 72369.00 30/11/2016 Libro   DEWEY     Libro   Claustro Claustro 2do piso 30/11/2016 15 Compra 72369.00  
22/07/2019 3   468 A924d 100151706 10/12/2024 Ej.1 26000.00 06/12/2016 Multimedia   DEWEY     CD-Rom   Claustro Claustro Colección digital 06/12/2016 12 Compra 26000.00 CD-Rom